Lí luận dạy học Địa lí

সংরক্ষণ করুন:
গ্রন্থ-পঞ্জীর বিবরন
প্রধান লেখক: Nguyễn Dược
বিন্যাস: গ্রন্থ
ভাষা:Undetermined
প্রকাশিত: Hà Nội Đại học Sư phạm Hà Nội 2004
বিষয়গুলি:
ট্যাগগুলো: ট্যাগ যুক্ত করুন
কোনো ট্যাগ নেই, প্রথমজন হিসাবে ট্যাগ করুন!
Thư viện lưu trữ: Trung tâm Học liệu Trường Đại học Cần Thơ
LEADER 00633nam a2200205Ia 4500
001 CTU_101507
008 210402s9999 xx 000 0 und d
020 |c 30000 
082 |a 910.7 
082 |b D557 
100 |a Nguyễn Dược 
245 0 |a Lí luận dạy học Địa lí 
245 0 |c Nguyễn Dược, Nguyễn Trọng Phúc 
260 |a Hà Nội 
260 |b Đại học Sư phạm Hà Nội 
260 |c 2004 
650 |a geography,geography 
650 |x methodology,study and teaching ( secondary ) 
904 |i Hiếu 
980 |a Trung tâm Học liệu Trường Đại học Cần Thơ